• 首页
  • 本馆介绍
  • 公告通知
  • 最新文献
  • 馆藏检索
  • 电子资源
  • 读者导购
  • 参考咨询
  • 我的图书馆
  • 登录
  • 详细信息显示
  • 放入我的书架
  • 预约/预借图书
  • 作者相关作品
  • 分类相关作品
  • 丛书相关作品
  • 出版社相关作品

书目信息

  • 表格格式
  • 工作单格式
  • 卡片格式
题名:
旅游区规划与管理
    
 
作者:
分册:  
出版信息: 天津   南开大学出版社  1999
页数: 267页
开本: 20cm
丛书名:
单 册:
中图分类: F590.1
科图分类:
主题词: 旅游经济
电子资源:
ISBN: 7-310-01187-2
000 00473nam0 2200181 450
001 0767212177
005 20070806104014.90
010    @a7-310-01187-2@dCNY15.00
100    @a20070805d1999 km y0chiy0120 ea
101 0  @achi
102    @aCN@b120000
200 1  @a旅游区规划与管理@Alu you qu gui hua yu guan li
210    @a天津@c南开大学出版社@d1999
215    @a267页@d20cm
606 0  @a旅游经济
690    @aF590.1@v3
801  0 @aCN@bPFT@c20070806
905    @a10447@dF590.1@e185
    
    旅游区规划与管理.-天津:南开大学出版社,1999
    267页;20cm
    
    
    ISBN 7-310-01187-2:CNY15.00
    
●
相关链接 在E读中查询图书 在五车中查询图书 在当当中查询图书 在豆瓣中查询图书


正题名:旅游区规划与管理     索取号:F590.1/185         预约/预借

序号 登录号 条形码 馆藏地/架位号 状态 备注
1 0791838   207918388   第一样本阅览室/ [索取号:F590.1/185] 在馆    
唐山师范学院图书馆 欢迎您!
大连网信软件有限公司© 版权所有